Statistics for Toronto Raptors: Most 3-PT FGs Each Year

Click here to take the quiz!

General Stats

  • This quiz has been taken 215 times
    (61 since last reset)
  • The average score is 15 of 28

Answer Stats

YearPlayer3-PT FGs% Correct
2022-2023Fred VanVleet207
98%
2021-2022Fred VanVleet242
98%
2020-2021Fred VanVleet174
98%
2000-2001Vince Carter162
98%
2001-2002Vince Carter121
98%
2019-2020Kyle Lowry164
95%
2017-2018Kyle Lowry238
95%
2016-2017Kyle Lowry193
95%
2015-2016Kyle Lowry212
95%
2013-2014Kyle Lowry190
95%
2012-2013Kyle Lowry101
95%
2018-2019Danny Green198
64%
1996-1997Damon Stoudamire176
44%
2010-2011Andrea Bargnani77
35%
2009-2010Andrea Bargnani121
35%
2008-2009Andrea Bargnani119
35%
2005-2006Morris Peterson177
31%
2003-2004Morris Peterson126
31%
2002-2003Morris Peterson116
31%
2014-2015Lou Williams152
29%
1999-2000Doug Christie99
16%
1997-1998Doug Christie100
16%
2007-2008Anthony Parker133
11%
2006-2007Anthony Parker115
11%
1998-1999Dee Brown135
7%
2004-2005Donyell Marshall151
5%
1995-1996Tracy Murray151
5%
2011-2012Linas Kleiza62
4%

Score Distribution

Percentile by Number Answered

Percent of People with Each Score

Your Score History

You have not taken this quiz since the last reset